MDQL
is popping MORE tags! Check the
thread
!
Quizzes
Events
Quiz Creation
Community
Videos
Private Events
Remove Ads
Sign In
Join for FREE
Feedback
Dark Mode
Quiz Categories
Sports
Geography
Music
Movies
Television
Just For Fun
Miscellaneous
History
Literature
Language
Science
Gaming
Entertainment
Religion
Holiday
For Kids
Quiz Lab
Recent
Popular Today
Quiz Kudos Today
Editor Picks
Curator Picks
Quizzes by...
Day
Popularity
Type
Ratings
Length
Year
Community
Subscriptions
Recent Discussions
Orange Saloon
Badges
Playlists
Quests
Create
Leaderboards
Showdown
Live 5
Trivia Bingo
Activity
Puzzle Library
Sporcle Events
Private Events
Virtual Trivia
Globe League
Become a Host
Pub Owners
SporcleCon
Opinionation
Our Games
Videos
Blog
Mobile Apps
Partnerships
Remove Ads and Go Orange
Feedback
Sports
Athletes
MLB
NBA
NHL
NFL
Soccer
Sports Teams
WWE
NCAA
Football
Premier League
Basketball
Baseball
Hockey
Golf
Tennis
Cricket
Rugby
Auto Racing
Olympics
World Cup
Sports
Athletes
MLB
NBA
NHL
NFL
Soccer
Sports Teams
WWE
NCAA
Football
Premier League
Basketball
Baseball
Hockey
Golf
Tennis
Cricket
Rugby
Auto Racing
Olympics
World Cup
Random Quiz
Search Sporcle
×
Quiz Lab
Quiz Lab
Sports
MLB
Type in answers that appear in a list
Type in answers that appear in a list
Classic
Best Score? Go Orange.
1993 MLB Saves Leaders Stats
Can you name the pitchers who saved at least 10 games in the 1993 season?
By
TheTelling
12m
34 Questions
97 Plays
97 Plays
97 Plays
Comments
Comments
Give Quiz Kudos
Give Quiz Kudos
-
- Ratings
hide this ad
Replay
Link that replays current quiz
Next Quiz
Link to next quiz in quiz playlist
You Got
0%
They Got
Avg Score
53%
Avg Friend Score
Upgrade to see
Score Distribution
Jump to the score distribution portion of the page
Score
0/34
Timer
12:00
0
Plays Today
Team
Answer
% Correct
St. Louis Cardinals/
New York Yankees
Lee Smith
93.8%
San Francisco Giants
Rod Beck
90.7%
Philadelphia Phillies
Mitch Williams
88.7%
Montreal Expos
John Wetteland
87.6%
Chicago Cubs
Randy Myers
86.6%
Oakland Athletics
Dennis Eckersley
86.6%
Kansas City Royals
Jeff Montgomery
85.6%
Texas Rangers
Tom Henke
78.4%
Minnesota Twins
Rick Aguilera
78.4%
Toronto Blue Jays
Duane Ward
77.3%
Cincinnati Reds
Rob Dibble
76.3%
Houston Astros
Doug Jones
74.2%
Florida Marlins
Bryan Harvey
73.2%
New York Mets
John Franco
71.1%
Chicago White Sox
Roberto Hernandez
68%
Baltimore Orioles
Gregg Olson
68%
Seattle Mariners
Norm Charlton
64.9%
Team
Answer
% Correct
Detroit Tigers
Mike Henneman
53.6%
Atlanta Braves
Mike Stanton
50.5%
Boston Red Sox
Jeff Russell
49.5%
Montreal Expos
Mel Rojas
49.5%
Pittsburgh Pirates/
Kansas City Royals
Stan Belinda
42.3%
Atlanta Braves
Greg McMichael
35.1%
New York Yankees
Steve Farr
34%
Los Angeles Dodgers
Jim Gott
26.8%
Cleveland Indians
Eric Plunk
20.6%
Colorado Rockies
Darren Holmes
19.6%
Milwaukee Brewers
Doug Henry
18.6%
San Diego Padres
Gene Harris
15.5%
California Angels
Joe Grahe
15.5%
Cleveland Indians
Jerry Dipoto
14.4%
Cleveland Indians/
Seattle Mariners
Ted Power
11.3%
Cleveland Indians
Derek Lilliquist
10.3%
California Angels
Steve Frey
9.3%
Quiz Playlist
Details
Report
Send in Message
Add To Playlist
Classic:
Type in answers that appear in a list
Last Updated: Feb 16, 2017
Quiz Scoreboard
CHALLENGE
Sign Up to Join the Scoreboard
Show All
Scores
Hide
Comments
May contain spoilers
Recently Published
Colored Red Africa Blitz
by spor1
Geography
30s
Find the 'City' Movie
by crazypaving
Movies
60s
5x2 Blitz: Bands
by SL_Kpop136
Music
30s
More to Explore
Quiz From the Vault
Featured Blog Post
14 Easter Pick-up Lines to Find Eggs With
hide this ad
You Might Also Like...
Tags
MLB Quiz
1993
Leader
least
Save
Saved
season
team
Today's Top Quizzes in Sports
Browse Sports
hide this ad
Today's Top Quizzes in MLB
Browse MLB
Top Contributed Quizzes in Sports
1
Les meilleurs buteurs des matchs entre le PSG et l’OM
2
Les entraîneurs de l'OM et du PSG au 21e siècle
3
Les joueurs passés par le PSG et l'OM
4
2022 World Cup Stars
5
Players with Multiple 50 Home Run Seasons
6
Criteria MLB: Left Handed Sluggers
7
MLB Players with Two .350 Batting Average Seasons
8
Les joueurs passés par le LOSC et le RC Lens
9
NBA Logic Puzzle 2.0
10
Top 10 NHL Goal Scorers of All Time
Explore More
Trending Topics
NBA
Marvel
Anime
Disney
Harry Potter
Crossword
Kpop
Pokémon
Country
Song
Puzzle
WWE
NFL
Soccer
The Office
hide this ad
More By:
TheTelling
Quiz
Plays
Rating
Category
Featured
Created
1992 MLB Home Run Leaders
460
4.67
Sports
Jan 18, 2016
1989 MLB Home Run Leaders
226
5.00
Sports
Jan 29, 2016
1991 MLB Home Run Leaders
193
4.67
Sports
Jan 8, 2016
Atlanta Braves Yearly WAR Leaders
179
5.00
Sports
Dec 12, 2015
1991 Atlanta Braves Roster
155
5.00
Sports
Nov 7, 2015
Go to Creator's Profile
Score Distribution
Quiz Creator Spotlight
TheTelling
Follow
Send a Message
Quizzes Created
-
Created Quiz Play Count
-
More By This Creator
Popular Quizzes Today
1
Colored Red Africa Blitz
2
Find the US States - No Outlines Minefield
3
Find the 'City' Movie
4
5x2 Blitz: Bands
5
The Countries of the World
6
Find the US States
7
Find the Countries of Europe - No Outlines Minefield
8
US States
More Sports Quizzes
Every MLB Gold Glove Award Winner of the 2010's
Curator's Pick
Trending Quizzes
Colored Red Europe Blitz I
Colored Red Europe Blitz II
Colored Red Africa Blitz II
Colored Red Europe Blitz III
Colored Red Africa Blitz III
Recently Updated
How Do You Spell That?
pecheneg
Godzilla Movies
pecheneg
Grab Bag: 4-10 Letters
pecheneg
2024 March Madness Bracket
pecheneg
Famous TV Couples
Peacemaker
Champions League XIs: Real Madrid
pecheneg
Largest US Cities 1790-2010
pecheneg
Rides in Walt Disney World
pecheneg
Most Oscar Losses (Acting)
pecheneg
Beyoncé Albums
pecheneg
Trending Topics
Harry Potter
Marvel
NBA
Kpop
Crossword
Disney
Anime
WWE
Pokémon
Country
Soccer
The Office
NFL
Puzzle
Song
Your Account Isn't Verified!
In order to create a playlist on Sporcle, you need to verify the email address you used during registration. Go to your
Sporcle Settings
to finish the process.
Report this User
Report this user for behavior that violates our
Community Guidelines
.
Details:
Send Report
Go to the Sporcle.com Mobile Site →
Comments